| 000 | 01758nam a2200385 a 4500 | ||
|---|---|---|---|
| 001 | ebr10440454 | ||
| 003 | CaPaEBR | ||
| 006 | m u | ||
| 007 | cr cn||||||||| | ||
| 008 | 100820s2010 dcua sb 001 0 eng d | ||
| 010 | _z 2010935400 | ||
| 020 | _z9781607506256 (hardcover) | ||
| 020 | _z9781607506263 (e-book) | ||
| 040 |
_aCaPaEBR _cCaPaEBR |
||
| 035 | _a(OCoLC)704520178 | ||
| 050 | 1 | 4 |
_aR859.7.I58 _bI58 2010eb |
| 245 | 0 | 0 |
_aInternet use in the aftermath of trauma _h[electronic resource] / _cedited by Alain Brunet, Andrea R. Ashbaugh, Christophe F. Herbert. |
| 260 |
_aWashington, D.C. : _bIOS Press, _c2010. |
||
| 300 |
_axii, 313 p. : _bill. (chiefly col.). |
||
| 490 | 1 |
_aNATO science for peace and security series. Sub-series E, Human and societal dynamics, _x1874-6276 ; _vv. 72 |
|
| 500 | _a"Published in cooperation with NATO Public Diplomacy Division." | ||
| 504 | _aIncludes bibliographical references and indexes. | ||
| 533 |
_aElectronic reproduction. _bPalo Alto, Calif. : _cebrary, _d2011. _nAvailable via World Wide Web. _nAccess may be limited to ebrary affiliated libraries. |
||
| 650 | 0 | _aInternet in medicine. | |
| 650 | 0 |
_aPsychic trauma _xComputer network resources. |
|
| 650 | 0 |
_aInternet _xPsychological aspects. |
|
| 655 | 7 |
_aElectronic books. _2local |
|
| 700 | 1 | _aBrunet, Alain. | |
| 700 | 1 | _aAshbaugh, Andrea R. | |
| 700 | 1 | _aHerbert, Christophe F. | |
| 710 | 2 |
_aNorth Atlantic Treaty Organization. _bPublic Diplomacy Division. |
|
| 710 | 2 | _aebrary, Inc. | |
| 830 | 0 |
_aNATO science for peace and security series. _nE, _pHuman and societal dynamics ; _vv. 72. |
|
| 856 | 4 | 0 |
_uhttp://site.ebrary.com/lib/rucke/Doc?id=10440454 _zAn electronic book accessible through the World Wide Web; click to view |
| 999 |
_c134589 _d134589 |
||